000 00270cam a22000977a 4500
008 180718b1961 xxu||||| |||| 00| 0 eng d
082 _aLoox5434 R137r
245 _aGeneral financial and account rules
260 _aJaipur
_bGovernment Central Press
_c1961
300 _a348+p.
999 _c500256
_d500256